[Event "VIII Weekend A"]
[Site "Palermo ITA"]
[Date "2003.11.01"]
[Round "3"]
[White "Durao, Joaquim Manuel"]
[Black "Mazzilli, Piero"]
[Result "0-1"]
[WhiteElo "2165"]
[BlackElo "2226"]
[PlyCount "76"]
[EventDate "2003.10.30"]

1.e4 e6 2.d4 d5 3.Nc3 Nc6 4.Nf3 Nf6 5.Bg5 Be7 6.Bxf6 Bxf6 7.Bb5 O-O 8.O-O 
Kh8 9.Re1 dxe4 10.Rxe4 Nb4 11.a3 Nd5 12.Ne2 a6 13.Bd3 b5 14.Ng3 g6 15.h4 
Bb7 16.h5 Ne7 17.Rf4 Nf5 18.c3 Nxg3 19.fxg3 g5 20.Rg4 Be7 21.Be4 Bd5 22.
Bxd5 exd5 23.Qd2 h6 24.Re1 f5 25.Rh4 Kg7 26.Rh1 Bd6 27.Ne5 Re8 28.Kh2 Qf6 
29.Nd3 Re4 30.Nf2 Bxg3+ 31.Kxg3 Qd6+ 32.Kf3 g4+ 33.Nxg4 fxg4+ 34.Kf2 Rf8+ 
35.Kg1 Qg3 36.Re2 Rfe8 37.Rf2 Re1+ 38.Rf1 R8e2 0-1